Animals That Appear on Country Flags - Sudden Death - Statistics

General Stats
  • This quiz has been taken 65 times
    40 since last reset
  • The average score is 6 of 13
Answers on the Grid
Answers color-coded by a green-red scale on the quiz's grid according to % correct below.
eagle
quetzal
lion
dove
crane
cow
aurochs
condor
parrot
goat
marten
serpent
bird-of-paradise
salmon
alligator
elephant
pheasant
lemur
penguin
lobster
 
Answer Stats
Answer % Correct
Albania (two-headed eagle), Egypt (eagle of Saladin), Kazakhstan (steppe eagle), Mexico, Moldova, Montenegro (two-headed eagle), Serbia (two-headed eagle), Zambia, (Zimbabwe - a bird that is thought to be an eagle) eagle
81%
Papua New Guinea bird-of-paradise
75%
(Croatia - lions/leopards), Fiji, Spain, Sri Lanka lion
69%
Mexico serpent
63%
Ecuador condor
56%
Dominica (Sisserou parrot) parrot
56%
Fiji dove
50%
Uganda (Grey crowned crane) crane
44%
Guatemala quetzal
44%
Croatia goat
31%
Croatia (pine marten) marten
25%
Moldova aurochs
19%
Andorra (2 Béarnaise cows) cow
19%
No matching quizzes found
Score Distribution
Percent of People with Each Score
Percentile by Number Answered
Your Score History
You have not taken this quiz since the last reset